<?xml version="1.0" encoding="UTF-8"?>
<record
    xmlns:xsi="http://www.w3.org/2001/XMLSchema-instance"
    xsi:schemaLocation="http://www.loc.gov/MARC21/slim http://www.loc.gov/standards/marcxml/schema/MARC21slim.xsd"
    xmlns="http://www.loc.gov/MARC21/slim">

  <leader>00546nam a2200133Ia 4500</leader>
  <datafield tag="999" ind1=" " ind2=" ">
    <subfield code="c">23224</subfield>
    <subfield code="d">23224</subfield>
  </datafield>
  <datafield tag="082" ind1=" " ind2=" ">
    <subfield code="a">RR 025.49 LIB-L</subfield>
  </datafield>
  <datafield tag="245" ind1=" " ind2="0">
    <subfield code="a">Library of congress subject headings</subfield>
  </datafield>
  <datafield tag="250" ind1=" " ind2=" ">
    <subfield code="a">20th ed.</subfield>
  </datafield>
  <datafield tag="260" ind1=" " ind2=" ">
    <subfield code="a">Washington</subfield>
    <subfield code="b">the author</subfield>
    <subfield code="c">1997</subfield>
  </datafield>
  <datafield tag="500" ind1=" " ind2=" ">
    <subfield code="a">contents: 5 Vols + Supplementary Vocabularies. v.1(A-C),(xvi,2010p.)-v.2(D-H),(2011-3726p.)-v.3(I-M),(3727-5360p.)-v.4(N-R),(5361-6982p.)-v.5(S-Z),(6983-8938p.)-Supplementary Vocabularies(v.p.)</subfield>
  </datafield>
  <datafield tag="650" ind1=" " ind2=" ">
    <subfield code="a">Subject Headings</subfield>
  </datafield>
  <datafield tag="710" ind1=" " ind2=" ">
    <subfield code="a">Library of Congress, Cataloging Distribution Service</subfield>
  </datafield>
  <datafield tag="942" ind1=" " ind2=" ">
    <subfield code="c">BK</subfield>
    <subfield code="2">ddc</subfield>
  </datafield>
  <datafield tag="952" ind1=" " ind2=" ">
    <subfield code="0">0</subfield>
    <subfield code="1">0</subfield>
    <subfield code="4">0</subfield>
    <subfield code="7">0</subfield>
    <subfield code="a">NASSDOC</subfield>
    <subfield code="b">NASSDOC</subfield>
    <subfield code="d">2015-08-04</subfield>
    <subfield code="e">Gifted by : Library of Congress, New Del</subfield>
    <subfield code="i">2014-11-19</subfield>
    <subfield code="l">0</subfield>
    <subfield code="o">RR 025.33 LI;</subfield>
    <subfield code="p">48804</subfield>
    <subfield code="r">2019-04-18 00:00:00</subfield>
    <subfield code="w">2019-04-18</subfield>
    <subfield code="y">BK</subfield>
  </datafield>
  <datafield tag="952" ind1=" " ind2=" ">
    <subfield code="0">0</subfield>
    <subfield code="1">0</subfield>
    <subfield code="4">0</subfield>
    <subfield code="7">0</subfield>
    <subfield code="a">NASSDOC</subfield>
    <subfield code="b">NASSDOC</subfield>
    <subfield code="d">2015-08-04</subfield>
    <subfield code="e">Gifted by : Library of Congress, New Del</subfield>
    <subfield code="i">2014-11-19</subfield>
    <subfield code="l">0</subfield>
    <subfield code="o">RR 025.33 LI;</subfield>
    <subfield code="p">48805</subfield>
    <subfield code="r">2019-04-18 00:00:00</subfield>
    <subfield code="w">2019-04-18</subfield>
    <subfield code="y">BK</subfield>
  </datafield>
  <datafield tag="952" ind1=" " ind2=" ">
    <subfield code="0">0</subfield>
    <subfield code="1">0</subfield>
    <subfield code="4">0</subfield>
    <subfield code="7">0</subfield>
    <subfield code="a">NASSDOC</subfield>
    <subfield code="b">NASSDOC</subfield>
    <subfield code="d">2015-08-04</subfield>
    <subfield code="e">Gifted by : Library of Congress, New Del</subfield>
    <subfield code="i">2014-11-19</subfield>
    <subfield code="l">0</subfield>
    <subfield code="o">RR 025.33 LI;</subfield>
    <subfield code="p">48806</subfield>
    <subfield code="r">2019-04-18 00:00:00</subfield>
    <subfield code="w">2019-04-18</subfield>
    <subfield code="y">BK</subfield>
  </datafield>
  <datafield tag="952" ind1=" " ind2=" ">
    <subfield code="0">0</subfield>
    <subfield code="1">0</subfield>
    <subfield code="4">0</subfield>
    <subfield code="7">0</subfield>
    <subfield code="a">NASSDOC</subfield>
    <subfield code="b">NASSDOC</subfield>
    <subfield code="d">2015-08-04</subfield>
    <subfield code="e">Gifted by : Library of Congress, New Del</subfield>
    <subfield code="i">2014-11-19</subfield>
    <subfield code="l">0</subfield>
    <subfield code="o">RR 025.33 LI;</subfield>
    <subfield code="p">48807</subfield>
    <subfield code="r">2019-04-18 00:00:00</subfield>
    <subfield code="w">2019-04-18</subfield>
    <subfield code="y">BK</subfield>
  </datafield>
  <datafield tag="952" ind1=" " ind2=" ">
    <subfield code="0">0</subfield>
    <subfield code="1">0</subfield>
    <subfield code="4">0</subfield>
    <subfield code="7">0</subfield>
    <subfield code="a">NASSDOC</subfield>
    <subfield code="b">NASSDOC</subfield>
    <subfield code="d">2015-08-04</subfield>
    <subfield code="e">Gifted by : Library of Congress, New Del</subfield>
    <subfield code="i">2014-11-19</subfield>
    <subfield code="l">0</subfield>
    <subfield code="o">RR 025.33 LI;</subfield>
    <subfield code="p">48808</subfield>
    <subfield code="r">2019-04-18 00:00:00</subfield>
    <subfield code="w">2019-04-18</subfield>
    <subfield code="y">BK</subfield>
  </datafield>
  <datafield tag="952" ind1=" " ind2=" ">
    <subfield code="0">0</subfield>
    <subfield code="1">0</subfield>
    <subfield code="4">0</subfield>
    <subfield code="7">0</subfield>
    <subfield code="a">NASSDOC</subfield>
    <subfield code="b">NASSDOC</subfield>
    <subfield code="d">2015-08-04</subfield>
    <subfield code="e">Gifted by : Library of Congress, New Del</subfield>
    <subfield code="i">2014-11-19</subfield>
    <subfield code="l">0</subfield>
    <subfield code="o">RR 025.33 LI;</subfield>
    <subfield code="p">48809</subfield>
    <subfield code="r">2019-04-18 00:00:00</subfield>
    <subfield code="w">2019-04-18</subfield>
    <subfield code="y">BK</subfield>
  </datafield>
</record>
